ბათუმის შოთა რუსთაველის სახელმწიფო უნივერსიტეტის ბიბლიოთეკა

Adams and Victor's principles of neurology / (ბიბ.ჩანაწერი № 57613)

000 -LEADER
fixed length control field 01062cam a22002898i 4500
001 - CONTROL NUMBER
control field 20818797
005 - DATE AND TIME OF LATEST TRANSACTION
control field 20220429133823.0
006 - FIXED-LENGTH DATA ELEMENTS--ADDITIONAL MATERIAL CHARACTERISTICS
fixed length control field m |o d |
007 - PHYSICAL DESCRIPTION FIXED FIELD--GENERAL INFORMATION
fixed length control field cr_|||||||||||
008 - FIXED-LENGTH DATA ELEMENTS--GENERAL INFORMATION
fixed length control field 190122s2019 nyu ob 001 0 eng
020 ## - INTERNATIONAL STANDARD BOOK NUMBER
Canceled/invalid ISBN 9780071842617
041 ## - LANGUAGE CODE
Language code of text/sound track or separate title eng
080 ## - UNIVERSAL DECIMAL CLASSIFICATION NUMBER
Universal Decimal Classification number 616.8 A-20
082 00 - DEWEY DECIMAL CLASSIFICATION NUMBER
Edition number
245 10 - TITLE STATEMENT
Title Adams and Victor's principles of neurology /
Statement of responsibility, etc. Authors: Allan H. Ropper, Martin Samuels, Joshua Klein, Sashank Prasad.
250 ## - EDITION STATEMENT
Edition statement Eleventh edition.
264 #1 - PRODUCTION, PUBLICATION, DISTRIBUTION, MANUFACTURE, AND COPYRIGHT NOTICE
Place of production, publication, distribution, manufacture New York :
Name of producer, publisher, distributor, manufacturer McGraw-Hill Education,
Date of production, publication, distribution, manufacture, or copyright notice 2019
300 ## - PHYSICAL DESCRIPTION
Extent 1653 p. :
Other physical details ill.,
Dimensions 28 cm.
653 ## - INDEX TERM--UNCONTROLLED
keyword ადამსი და ვიქტორთა ნევროლოგიის პრინციპები
653 ## - INDEX TERM--UNCONTROLLED
keyword მედიცინა
653 ## - INDEX TERM--UNCONTROLLED
keyword ნევროლოგია
700 1# - ADDED ENTRY--PERSONAL NAME
Personal name Ropper, Allan
Relator term ავტორი
9 (RLIN) 9232
700 1# - ADDED ENTRY--PERSONAL NAME
Personal name Samuels, Martin A.
Relator term ავტორი
9 (RLIN) 9232
700 1# - ADDED ENTRY--PERSONAL NAME
Personal name Klein, Joshua.
Relator term ავტორი
9 (RLIN) 9233
700 1# - ADDED ENTRY--PERSONAL NAME
Personal name Prasad, Sashank
Relator term ავტორი
9 (RLIN) 13703
942 ## - ADDED ENTRY ELEMENTS (KOHA)
Source of classification or shelving scheme
Koha item type წიგნი
ეგზემპლარები
Withdrawn status Lost status Source of classification or shelving scheme Damaged status Not for loan Permanent Location Current Location Shelving location Date acquired Cost, normal purchase price Full call number Barcode Date last seen Copy number Price effective from Koha item type Public note
          ბათუმის შოთა რუსთაველის სახელმწიფო უნივერსიტეტის მთავარი ბიბლიოთეკა ბათუმის შოთა რუსთაველის სახელმწიფო უნივერსიტეტის მთავარი ბიბლიოთეკა წიგნსაცავი 2020-08-13 494.00 616.8 A-20 60815 2020-08-13 60815 2020-08-13 წიგნი 494 ლ.